| 000 | 00564nam a22001817a 4500 | ||
|---|---|---|---|
| 999 |
_c189485 _d189485 |
||
| 005 | 20220701155702.0 | ||
| 010 | _aENG-133418 | ||
| 020 |
_a9789384790874 _c695.00 |
||
| 035 | _aEN-116750 | ||
| 037 | _bDBAD/PUB | ||
| 082 | _a070.4 | ||
| 100 | _aHarcup, Tony | ||
| 245 |
_aJoiurnalism: _bPrinciples and Practice/ _cTony Harcup |
||
| 260 |
_aNew Delhi _bSage Publications India Pvt. Ltd _c2015 |
||
| 270 |
_aB1/I-I Mohan Cooperative Industrial Area Mathura Road _bNew Delhi _e110044 |
||
| 300 |
_avp. _c23cm(pbk) |
||
| 942 |
_2ddc _cEN _h070.4 _mHAR |
||